|
|
|
|
| LEADER |
00000nam0a2200000 4500 |
| 001 |
224600 |
| 005 |
20231101230612.0 |
| 035 |
|
|
|a (RuTPU)RU\TPU\book\244915
|
| 090 |
|
|
|a 224600
|
| 100 |
|
|
|a 20121029d2011 m y0rusy50 ca
|
| 101 |
0 |
|
|a rus
|
| 102 |
|
|
|a RU
|
| 105 |
|
|
|a y j 001zy
|
| 200 |
1 |
|
|a Правовое обеспечение социальной работы
|e учебное пособие для вузов
|f И. С. Хоменко
|g Национальный исследовательский Томский политехнический университет (ТПУ), ИДО
|
| 210 |
|
|
|a Томск
|c Изд-во ТПУ
|d 2011
|
| 215 |
|
|
|a 143 с.
|
| 320 |
|
|
|a Библиогр.: с. 133-140.
|
| 330 |
|
|
|a В учебном пособии в краткой форме изложены теоретические вопросы учебного курса по правовому обеспечению социальной работы.Пособие подготовлено на кафедре социологии, психологии и права, соответствует программе дисциплины и предназначено для студентов ИДО обучающихся по специальности 040101 «Социальная работа».
|
| 606 |
1 |
|
|a Социальная работа
|x Правовое обеспечение
|2 stltpush
|3 (RuTPU)RU\TPU\subj\71932
|9 85603
|
| 610 |
1 |
|
|a право
|
| 610 |
1 |
|
|a социальное обеспечение
|
| 610 |
1 |
|
|a предмет
|
| 610 |
1 |
|
|a метод
|
| 610 |
1 |
|
|a источники
|
| 610 |
1 |
|
|a правоотношения
|
| 610 |
1 |
|
|a трудовое право
|
| 610 |
1 |
|
|a трудовой стаж
|
| 610 |
1 |
|
|a трудовые пенсии
|
| 610 |
1 |
|
|a пенсии по старости
|
| 610 |
1 |
|
|a пенсии по инвалидности
|
| 610 |
1 |
|
|a назначение
|
| 610 |
1 |
|
|a перерасчет
|
| 610 |
1 |
|
|a пособия по безработице
|
| 610 |
1 |
|
|a временная нетрудоспособность
|
| 610 |
1 |
|
|a государственные пособия
|
| 610 |
1 |
|
|a медицинское страхование
|
| 610 |
1 |
|
|a обязательное страхование
|
| 610 |
1 |
|
|a социальная помощь
|
| 610 |
1 |
|
|a социальное обслуживание
|
| 610 |
1 |
|
|a учебные пособия
|
| 610 |
1 |
|
|a труды учёных ТПУ
|
| 686 |
|
|
|a Х627.6
|v LBC/SL-A
|2 rubbk
|
| 700 |
|
1 |
|a Хоменко
|b И. С.
|c российский учёный в области инженерного предпринимательства
|c старший преподаватель Томского политехнического университета
|g Игорь Сергеевич
|2 stltpush
|3 (RuTPU)RU\TPU\pers\26991
|
| 712 |
0 |
2 |
|a Национальный исследовательский Томский политехнический университет (ТПУ)
|b Институт дистанционного образования (ИДО)
|2 stltpush
|3 (RuTPU)RU\TPU\col\16612
|
| 801 |
|
1 |
|a RU
|b 63413507
|c 20121029
|
| 801 |
|
2 |
|a RU
|b 63413507
|c 20220603
|g RCR
|
| 900 |
|
|
|a Правовое обеспечение социальной работы
|
| 942 |
|
|
|c BK
|